Czechia in the Eurovision Song Contest - Statistics

General Stats
  • This quiz has been taken 20 times
    4 since last reset
  • The average score is 9 of 14
Answer Stats
Answer % Correct
Crossroads
100%
Friend of a Friend
100%
Kiss Kiss Goodbye
100%
Lie to Me
100%
Lights Off
100%
Pedestal
100%
I Stand
67%
My Sister's Crown
67%
My Turn
67%
Omaga
67%
Hope Never Dies
33%
Aven Romale
0%
Have Some Fun
0%
Malá dáma
0%
No matching quizzes found
Score Distribution
Percent of People with Each Score
Percentile by Number Answered
Your Score History
You have not taken this quiz since the last reset